[Event "E97"]
[Site "Cleanchess.com Budapest HUN"]
[Date "2018.03.13"]
[Round "9.2"]
[White "Kozak,Adam"]
[Black "Srinath,R"]
[Result "1-0"]
[WhiteElo "2436"]
[BlackElo "2359"]

1.d4 Nf6 2.c4 g6 3.Nc3 Bg7 4.e4 d6 5.Nf3 O-O 6.Be2 e5 7.O-O Nc6 8.Be3 Ng4
9.Bg5 f6 10.Bh4 g5 11.Bg3 Nh6 12.dxe5 dxe5 13.Qb3 g4 14.Rad1 Qe7 15.Nh4 Qc5
16.Qb5 Qe7 17.Qb3 Qc5 18.Qb5 Qe7 19.Nd5 Qf7 20.Qb3 a5 21.Qe3 Be6 22.f4 gxf3
23.Nxf3 Ng4 24.Qc3 Bh6 25.h3 Bxd5 26.cxd5 Nd4 27.Bc4 Ne3 28.Nxd4 Nxd1 29.Rxd1
exd4 30.Rxd4 Kh8 31.d6 Qe8 32.dxc7 Bg7 33.Qd3 f5 34.exf5 Qc6 35.Kh2 Rac8
36.Rd7 Qc5 37.Be6 Be5 38.f6 {#r} 1-0

[Event "E97"]
[Site "Cleanchess.com Baghdad IRQ"]
[Date "2018.03.18"]
[Round "8.4"]
[White "Malakhatko,V"]
[Black "Koniahli,Malek"]
[Result "0-1"]
[WhiteElo "2536"]
[BlackElo "2211"]

1.d4 Nf6 2.c4 g6 3.Nc3 Bg7 4.e4 d6 5.Nf3 O-O 6.Be2 e5 7.O-O Nc6 8.d5 Ne7 9.b4
Ne8 10.c5 f5 11.Nd2 Nf6 12.f3 f4 13.Nc4 g5 14.cxd6 cxd6 15.Nb5 Ne8 16.a4 h5
17.Bd2 Rf6 18.Be1 a6 19.Nc3 Bd7 20.a5 Nc8 21.Na4 Bb5 22.Ncb6 Bxe2 23.Qxe2 Nxb6
24.Nxb6 Rb8 25.b5 Nc7 26.bxa6 bxa6 27.Rc1 Nb5 28.Bf2 Rf7 29.Rc6 Rc7 30.Rfc1
Rbb7 31.Kh1 Bf8 32.g3 fxg3 33.hxg3 Qf6 34.Kg2 Rh7 35.Rh1 h4 36.Rcc1 h3+ 37.Kh2
Rbf7 38.Rhf1 Qxf3 39.Qxf3 Rxf3 40.Bg1 Rxf1 41.Rxf1 Nc3 42.Re1 g4 43.Rc1 Nxe4
44.Rc4 Nf6 45.Rc6 Rf7 46.Be3 Kh7 47.Rc4 Bh6 48.Bg1 e4 49.Bd4 Nh5 50.Rc3 Bd2
51.Ra3 e3 {#R} 0-1

[Event "E94"]
[Site "Cleanchess.com   INT"]
[Date "2018.03.13"]
[Round "1"]
[White "Gozzoli,Y"]
[Black "Libiszewski,F"]
[Result "1-0"]
[WhiteElo "2576"]
[BlackElo "2507"]

1.d4 Nf6 2.c4 g6 3.Nc3 Bg7 4.e4 d6 5.Nf3 O-O 6.Be2 Nbd7 7.O-O e5 8.Be3 Qe7
9.Qc2 c6 10.d5 c5 11.Bg5 h6 12.Bd2 Ne8 13.g3 Ndf6 14.Nh4 Bh3 15.Rfe1 Nh7 16.f3
Nc7 17.a3 Bd7 18.b4 Na6 19.Nd1 Ng5 20.Nf2 Nh3+ 21.Nxh3 Bxh3 22.Rab1 Kh7 23.Bd3
Rac8 24.Ng2 h5 25.Bc3 Qd7 26.Rb2 Bh6 27.b5 Nb8 28.Qb1 Rce8 29.Rf2 Qd8 30.f4
Nd7 31.Qc2 Qe7 32.Ree2 Nf6 33.fxe5 dxe5 34.Re1 Ng4 35.Rfe2 Qd6 36.Nh4 Nf6
37.Nf3 Nd7 38.Rf2 Kg8 39.Bf1 Bxf1 40.Rexf1 Be3 41.Kg2 Bxf2 42.Rxf2 Nf6 43.h3
Nd7 44.Nh4 Kg7 45.Bd2 f6 46.Qd1 Rh8 47.a4 Reg8 48.a5 Kf7 49.Nf3 Ke8 50.Nh4 Kd8
51.Be3 Kc8 52.Qc2 Rh7 53.Qa2 Rf7 54.Qc2 Nf8 55.b6 a6 56.Rf3 Nd7 57.Qf2 Rff8
58.Kf1 Kb8 59.Ke1 Kc8 60.Kd2 Qe7 61.Kc2 Qd6 62.Qf1 Qe7 63.Kb3 Qd6 64.Bh6 Rf7
65.Bc1 Rff8 66.g4 hxg4 67.hxg4 Kb8 68.Ng2 Rh8 69.Ne1 Rh2 70.Nd3 Rc8 71.Qe1
Rch8 72.Be3 R2h3 73.Qf1 Rxf3 74.Qxf3 Rh2 75.g5 fxg5 76.Qf7 Rh8 77.Qf2 Rf8
78.Qg1 Rc8 79.Qxg5 Ka8 80.Bf2 Rf8 81.Bg3 Re8 82.Qg4 Nf6 83.Qf3 Nd7 84.Kc3 Rf8
85.Qg4 Nf6 86.Qh4 Nd7 87.Qh7 Re8 88.Qf7 Rf8 89.Qe6 Qxe6 90.dxe6 Nf6 91.Nxc5
Re8 92.Bxe5 Nh5 93.Bd6 g5 94.e7 g4 95.Ne6 Rxe7 96.Bxe7 g3 97.Kd3 g2 98.Bc5
Nf4+ 99.Nxf4 {#r} 1-0

[Event "E91"]
[Site "Cleanchess.com   INT"]
[Date "2018.03.13"]
[Round "1"]
[White "Flores Rios,M"]
[Black "Shimanov,A"]
[Result "1-0"]
[WhiteElo "2529"]
[BlackElo "2641"]

1.d4 Nf6 2.c4 g6 3.Nc3 Bg7 4.e4 d6 5.Nf3 O-O 6.Be2 Na6 7.O-O e5 8.Be3 c6 9.d5
Ng4 10.Bg5 f6 11.Bh4 c5 12.Ne1 Nh6 13.f3 g5 14.Bf2 f5 15.Nd3 b6 16.Rb1 f4
17.b4 Nf7 18.a4 h5 19.a5 Bd7 20.axb6 axb6 21.Kh1 Bf6 22.bxc5 bxc5 23.Rg1 Kh8
24.g3 Rg8 25.Qd2 Qe7 26.Rb7 Rab8 27.Rgb1 Rxb7 28.Rxb7 Rb8 29.Rxb8+ Nxb8 30.Qb2
Qd8 31.Nb5 Na6 32.Qa3 Nc7 33.Nxd6 Nxd6 34.Nxc5 Bh3 35.Na6 Nxa6 36.Qxa6 g4
37.c5 Nf7 38.c6 Nd6 39.Bc5 gxf3 40.Bxf3 Qb8 41.c7 Qb1+ 42.Bg1 Qb3 43.Bxh5 f3
44.c8=Q+ Kg7 45.Qxh3 {#r} 1-0

[Event "E81"]
[Site "Cleanchess.com Bushehr IRI"]
[Date "2018.03.13"]
[Round "6.6"]
[White "Javanbakht,N"]
[Black "Firouzja,Alireza"]
[Result "0-1"]
[WhiteElo "2436"]
[BlackElo "2558"]

1.d4 Nf6 2.c4 g6 3.Nc3 Bg7 4.e4 d6 5.f3 O-O 6.Bg5 c5 7.d5 h6 8.Be3 e6 9.Qd2
exd5 10.cxd5 h5 11.a4 a6 12.a5 b5 13.axb6 Qxb6 14.Bd3 Re8 15.Nge2 Nbd7 16.O-O
Qb7 17.Ra5 Ne5 18.Rfa1 Nxd3 19.Qxd3 Nd7 20.f4 Nf6 21.h3 Qe7 22.e5 Nd7 23.Nb5
Nxe5 24.fxe5 Qxe5 25.Kf2 Rb8 26.Nbc3 Bf5 27.Qd2 Rxb2 28.Qxb2 Qxe3+ 29.Kf1 Bd3
30.R5a3 Bd4 31.Ke1 Bxe2 32.Nxe2 Qf2+ {#R} 0-1

[Event "E71"]
[Site "Cleanchess.com Baghdad IRQ"]
[Date "2018.03.17"]
[Round "6.7"]
[White "Alzaim,T"]
[Black "Bayarmaa,B"]
[Result "1-0"]
[WhiteElo "2215"]
[BlackElo "2222"]

1.d4 Nf6 2.c4 g6 3.Nc3 Bg7 4.e4 d6 5.h3 O-O 6.Be3 e5 7.d5 a5 8.Nf3 Na6 9.Be2
Nc5 10.Qc2 b6 11.Nd2 Ne8 12.g4 f5 13.gxf5 gxf5 14.exf5 Bxf5 15.Nde4 Qh4
16.Bxc5 bxc5 17.O-O-O a4 18.Bg4 a3 19.b3 Bh6+ 20.Kb1 Bg6 21.Ka1 Kh8 22.Qe2 Ng7
23.Ng3 e4 24.Ngxe4 Bxe4 25.Nxe4 Rae8 26.f3 Rxe4 27.fxe4 Rf2 28.Rhf1 Rxf1
29.Rxf1 Ne8 30.Kb1 Qg5 31.e5 dxe5 32.Qf2 Nd6 33.Qf6+ Qxf6 34.Rxf6 Kg7 35.Re6
Ne4 36.Kc2 Bf4 37.Re7+ Kg6 38.Rxc7 h5 39.Be2 Ng3 40.Kd1 Kf6 41.Rxc5 Ne4
42.Rc6+ Ke7 43.Kc2 h4 44.Ra6 Ng5 45.d6+ Kd8 46.Bg4 {#r} 1-0

[Event "E70"]
[Site "Cleanchess.com Villava ESP"]
[Date "2018.03.18"]
[Round "7.1"]
[White "Garbisu de Goni,U"]
[Black "Del Rio de Angelis,S"]
[Result "0-1"]
[WhiteElo "2408"]
[BlackElo "2535"]

1.e4 g6 2.d4 Bg7 3.c4 d6 4.Nc3 Nf6 5.Nge2 O-O 6.g3 c5 7.d5 e6 8.Bg2 exd5
9.cxd5 Re8 10.O-O b5 11.Nxb5 Nxe4 12.Qa4 Nf6 13.Nec3 a6 14.Na3 Nbd7 15.Qh4 Rb8
16.Nc4 Ne5 17.Nxe5 Rxe5 18.a3 h6 19.Qc4 Re8 20.h3 Nd7 21.Ne4 Ne5 22.Qc2 c4
23.Be3 Rxb2 24.Qc1 g5 25.Rb1 Rxb1 26.Qxb1 Nd3 27.Qb8 Be5 28.f4 gxf4 29.gxf4
Bg7 30.Bb6 Qd7 31.Nxd6 Rf8 32.Nxc4 Qb5 33.Qc7 {#R} 0-1

[Event "E63"]
[Site "Cleanchess.com Baghdad IRQ"]
[Date "2018.03.17"]
[Round "6.5"]
[White "Zozek,S"]
[Black "Zaibi,A"]
[Result "0-1"]
[WhiteElo "2252"]
[BlackElo "2389"]

1.d4 Nf6 2.c4 g6 3.g3 Bg7 4.Bg2 O-O 5.Nf3 d6 6.O-O Nc6 7.Nc3 a6 8.Qd3 Nd7 9.e4
e5 10.d5 Nd4 11.Be3 Qf6 12.Ne1 c5 13.dxc6 bxc6 14.b4 Qe6 15.Nf3 a5 16.Ng5 Qf6
17.a3 h6 18.Nh3 Qe6 19.Ne2 Ba6 20.Rac1 axb4 21.axb4 Nxe2+ 22.Qxe2 Rfb8 23.Qd2
Bxc4 24.Rfd1 Bb3 25.Re1 Ra2 26.Qc3 Ba4 27.Bf1 d5 28.exd5 cxd5 29.Qc7 Rxb4
30.Qd8+ Nf8 31.Bc5 Rb7 32.Bxf8 Rd7 33.Qb8 Bxf8 34.Rc8 Qd6 35.Qxd6 Rxd6 36.Rxe5
g5 37.Nxg5 f6 38.Ne4 dxe4 39.Rxe4 Ra1 40.Rg4+ Kf7 41.Rc7+ Rd7 {#R} 0-1

[Event "E61"]
[Site "Cleanchess.com Baghdad IRQ"]
[Date "2018.03.16"]
[Round "4.4"]
[White "Gagunashvili,M"]
[Black "Bayarmaa,B"]
[Result "1-0"]
[WhiteElo "2576"]
[BlackElo "2222"]

1.d4 Nf6 2.c4 g6 3.Nc3 Bg7 4.Nf3 d6 5.h3 O-O 6.Bf4 a5 7.e3 Nfd7 8.Be2 Nc6
9.O-O e5 10.Bh2 Re8 11.a3 exd4 12.exd4 Ne7 13.Qd2 Nf5 14.Rfe1 Nf8 15.d5 Nd7
16.Bf1 Ne5 17.Nxe5 dxe5 18.f4 Nd4 19.Rad1 exf4 20.Rxe8+ Qxe8 21.Qxf4 c5
22.dxc6 Nxc6 23.Nd5 Qd8 24.Rd2 Bf5 25.Nc7 Qb8 26.Qf2 Qa7 27.Nxa8 Qxa8 28.Bf4
a4 29.Be2 Qa6 30.Bf3 h5 31.Bd5 Nd8 32.Be3 Nc6 33.g4 Be6 34.Bxe6 fxe6 35.Rd7
Ne5 36.Rxg7+ Kxg7 37.Bd4 {#r} 1-0

[Event "E48"]
[Site "Cleanchess.com Sweden SWE"]
[Date "2018.03.17"]
[Round "8.2"]
[White "Ornstein,A"]
[Black "Wiedenkeller,M"]
[Result "0-1"]
[WhiteElo "2344"]
[BlackElo "2476"]

1.d4 Nf6 2.c4 e6 3.Nc3 Bb4 4.e3 O-O 5.Bd3 d5 6.Ne2 dxc4 7.Bxc4 c5 8.a3 Bxc3+
9.bxc3 Qc7 10.Ba2 Nc6 11.O-O Rd8 12.Bb2 e5 13.Qc2 b6 14.Rfd1 Ba6 15.d5 Ne7
16.c4 Ng6 17.Ng3 Ne8 18.Qc3 f6 19.Nf5 Nd6 20.Nxd6 Qxd6 21.a4 Bc8 22.a5 Bd7
23.Bb1 Ne7 24.Bd3 Bf5 25.e4 Bd7 26.Ra2 Rab8 27.axb6 axb6 28.Rda1 Nc8 29.f4 Re8
30.Re1 Qc7 31.fxe5 fxe5 32.Rea1 Nd6 33.Ra7 Rb7 34.Ra8 Nf7 35.Rxe8+ Bxe8 36.Be2
Bd7 37.Rf1 Qd6 38.Qg3 Bc8 39.h4 Re7 40.Bh5 g6 41.Be2 Bd7 42.Bc1 Kg7 43.h5 Re8
44.Qh4 Rb8 45.Rf6 Qxf6 46.h6+ Nxh6 47.Bxh6+ Kf7 48.Bg5 Qg7 49.Qf2+ Kg8 50.Bf6
Qf7 51.Bxe5 Re8 52.Qxf7+ Kxf7 53.Bc7 Rxe4 54.Bf1 b5 55.cxb5 Rb4 56.b6 c4
57.Kf2 c3 58.Ke3 Bf5 {#R} 0-1

[Event "E46"]
[Site "Cleanchess.com   INT"]
[Date "2018.03.13"]
[Round "1"]
[White "Brown,Michael William"]
[Black "Sarana,A"]
[Result "0-1"]
[WhiteElo "2497"]
[BlackElo "2577"]

1.d4 Nf6 2.c4 e6 3.Nc3 Bb4 4.e3 O-O 5.Ne2 d5 6.a3 Bd6 7.Ng3 b6 8.cxd5 exd5
9.Bd3 c5 10.O-O Bg4 11.f3 Be6 12.f4 Bg4 13.Qc2 Nc6 14.dxc5 bxc5 15.h3 Be6
16.Na4 c4 17.Be2 Rc8 18.Qd1 d4 19.e4 Bb8 20.Bf3 d3 21.Be3 Nd4 22.Rc1 Nb3
23.Rb1 Re8 24.Nc3 Nd4 25.Qd2 Nxf3+ 26.Rxf3 Bd7 27.e5 Bc6 28.Rf2 Nd5 29.Nxd5
Qxd5 30.Rc1 Bc7 31.Qb4 Bb5 32.Bxa7 Ra8 33.Qc5 Qb7 34.Nf5 Rxa7 35.Ne7+ Rxe7
36.Qxe7 Bb6 37.Qd6 Ra8 38.Rd1 Rd8 39.Qb4 Qd5 40.Rd2 Bc5 41.Qc3 Bc6 42.Kf1 Bxf2
{#R} 0-1

[Event "E44"]
[Site "Cleanchess.com Bushehr IRI"]
[Date "2018.03.16"]
[Round "9.3"]
[White "Gholami Orimi,Mahdi"]
[Black "Javanbakht,N"]
[Result "0-1"]
[WhiteElo "2299"]
[BlackElo "2436"]

1.d4 Nf6 2.c4 e6 3.Nc3 Bb4 4.e3 b6 5.Ne2 c5 6.a3 Ba5 7.Rb1 Na6 8.f3 O-O 9.e4
d5 10.cxd5 exd5 11.e5 Ne8 12.Ng3 f6 13.Be2 Nec7 14.O-O b5 15.Nxb5 Nxb5 16.Bxb5
cxd4 17.exf6 Qxf6 18.Qa4 Bc7 19.Bc6 Rb8 20.Bxd5+ Kh8 21.b4 d3 22.Be3 Bb6
23.Bxb6 Rxb6 24.Be4 Qd4+ 25.Kh1 Bd7 26.Qd1 Bb5 27.Qd2 Nc7 28.Rfd1 Rd8 29.Rbc1
Ne6 30.Rc3 g6 31.Nf1 Rbd6 32.Rdc1 Kg7 33.Ne3 h5 34.Nc4 Bxc4 35.Rxc4 Qe5 36.a4
Qg5 37.Qb2+ Kh6 38.Rd1 d2 39.Rc2 Qe3 40.Qa1 Nf4 41.Rc7 Rd4 42.Rf7 Qe1+ {#R}
0-1

[Event "E37"]
[Site "Cleanchess.com   INT"]
[Date "2018.03.13"]
[Round "1"]
[White "Akobian,V"]
[Black "Song,Edward"]
[Result "0-1"]
[WhiteElo "2640"]
[BlackElo "2288"]

1.d4 Nf6 2.c4 e6 3.Nc3 Bb4 4.Qc2 d5 5.a3 Bxc3+ 6.Qxc3 Ne4 7.Qc2 c5 8.dxc5 Nc6
9.Nf3 Qa5+ 10.Bd2 Qxc5 11.e3 Nxd2 12.Nxd2 d4 13.b4 Qe7 14.Be2 dxe3 15.fxe3 O-O
16.O-O b6 17.c5 bxc5 18.bxc5 Bb7 19.Rab1 Rab8 20.Qc3 Qc7 21.Rb2 Ne5 22.Rfb1
Bc6 23.Rxb8 Rxb8 24.Rxb8+ Qxb8 25.Qb4 Qc7 26.Nc4 h6 27.Nxe5 Qxe5 28.Qd4 Qg5
29.Bf1 e5 30.Qd2 g6 31.Kf2 Qh4+ 32.Kg1 Kg7 33.Be2 Qg5 34.Bf1 h5 35.h3 Qf5
36.Bd3 e4 37.Bc4 Qxc5 38.Qc3+ f6 39.Qb3 h4 40.Be2 a5 41.Kf2 Bd5 42.Qb2 g5
43.Bg4 Kg6 44.Be2 Qc7 45.Qb5 Bf7 46.Bg4 Qg3+ 47.Kf1 Qxe3 48.Bf5+ Kg7 49.Qd7
Qxa3 50.Be6 Qd3+ 51.Qxd3 exd3 52.Bxf7 Kxf7 53.Ke1 Ke6 {#R} 0-1

[Event "E22"]
[Site "Cleanchess.com Baghdad IRQ"]
[Date "2018.03.15"]
[Round "2.2"]
[White "Alzaim,T"]
[Black "Tarlev,K"]
[Result "0-1"]
[WhiteElo "2215"]
[BlackElo "2546"]

1.d4 Nf6 2.c4 e6 3.Nc3 Bb4 4.Qb3 Nc6 5.Nf3 a5 6.Bg5 a4 7.Qc2 h6 8.Bh4 a3
9.Bxf6 Qxf6 10.e3 Qf5 11.Kd1 axb2 12.Qxb2 Bxc3 13.Qxc3 Rxa2 14.Rxa2 Qb1+
15.Kd2 Qxa2+ 16.Qc2 Qxc2+ 17.Kxc2 b6 18.Kc3 Ke7 19.Bd3 Bb7 20.Ra1 Ra8 21.Rxa8
Bxa8 22.Nd2 d5 23.cxd5 exd5 24.f3 Nd8 25.e4 Ne6 26.g3 f6 27.exd5 Bxd5 28.Be4
Kd6 29.Nc4+ Bxc4 30.Kxc4 Ng5 31.h4 Nxe4 32.fxe4 h5 33.Kb5 c5 34.d5 f5 35.exf5
Kxd5 36.g4 hxg4 37.f6 gxf6 38.h5 Ke6 39.h6 Ke5 {#R} 0-1

[Event "E21"]
[Site "Cleanchess.com   INT"]
[Date "2018.03.13"]
[Round "1"]
[White "Yu Yangyi"]
[Black "Harmon-Vellotti,Luke"]
[Result "1-0"]
[WhiteElo "2760"]
[BlackElo "2459"]

1.d4 Nf6 2.c4 e6 3.Nc3 Bb4 4.Nf3 b6 5.Qc2 Bb7 6.a3 Bxc3+ 7.Qxc3 O-O 8.e3 d6
9.Be2 Nbd7 10.O-O Ne4 11.Qc2 f5 12.Ne1 Qe7 13.b4 c5 14.f3 Nef6 15.Nd3 Rac8
16.dxc5 dxc5 17.Bb2 e5 18.Nf2 g6 19.Rfd1 Rfd8 20.Qb3 Nf8 21.Qc3 Rxd1+ 22.Rxd1
N8d7 23.b5 Re8 24.a4 a5 25.bxa6 Bxa6 26.a5 Qe6 27.Ra1 bxa5 28.Rxa5 Rb8 29.Bf1
Rb6 30.h3 h6 31.f4 Ne4 32.Nxe4 fxe4 33.fxe5 Rb4 34.Rxa6 Qxa6 35.e6 Rxb2
36.exd7 Rb8 37.Qe5 Qb6 38.Qxe4 Qf6 39.Qe8+ Qf8 40.Qxg6+ Qg7 41.Qb6 Qf8 42.Qc7
Rd8 43.Bd3 Qe7 44.Qg3+ Qg7 45.Qxg7+ Kxg7 46.Bf5 Kf6 47.g4 Ke7 48.Kf2 Rb8 49.h4
Kf6 50.Kf3 Ke5 51.e4 Rb3+ 52.Ke2 Rb8 53.g5 hxg5 54.hxg5 Rd8 55.Kd3 Rh8 56.Kc3
Rb8 57.Kc2 Rd8 58.Kb3 Ra8 59.Kb2 Rd8 60.Kc3 Rb8 61.Kd2 Rh8 62.Ke3 Rb8 63.g6
Kf6 64.Kf4 Ke7 65.e5 Rb2 66.g7 Rg2 67.Bg4 {#r} 1-0

[Event "E18"]
[Site "Cleanchess.com Sweden SWE"]
[Date "2018.03.18"]
[Round "9.3"]
[White "Renman,N"]
[Black "Rozentalis,E"]
[Result "0-1"]
[WhiteElo "2368"]
[BlackElo "2508"]

1.d4 Nf6 2.Nf3 b6 3.c4 e6 4.g3 Bb7 5.Bg2 Be7 6.O-O O-O 7.Nc3 Ne4 8.Bd2 Bf6
9.Rc1 d6 10.d5 Bxc3 11.Bxc3 Nxc3 12.Rxc3 e5 13.e4 a5 14.b3 Nd7 15.Nd2 Ba6
16.Qc2 Qe7 17.a3 g6 18.Bh3 Rae8 19.b4 axb4 20.axb4 Bc8 21.Ra1 f5 22.Ra7 Qg5
23.Rxc7 Qh5 24.Kg2 Nf6 25.exf5 Bxf5 26.Bxf5 gxf5 27.h3 Kh8 28.Rf3 f4 29.gxf4
exf4 30.Rxf4 Rg8+ 31.Kh2 Qg5 32.Rg4 Nxg4+ 33.Kg2 {#R} 0-1

[Event "E18"]
[Site "Cleanchess.com   INT"]
[Date "2018.03.13"]
[Round "1"]
[White "Ju Wenjun"]
[Black "Harmon-Vellotti,Luke"]
[Result "0-1"]
[WhiteElo "2568"]
[BlackElo "2459"]

1.d4 Nf6 2.c4 e6 3.Nf3 b6 4.g3 Bb7 5.Bg2 Be7 6.O-O O-O 7.Nc3 Ne4 8.Nxe4 Bxe4
9.Ne1 Bxg2 10.Nxg2 d5 11.Qc2 Nc6 12.Rd1 Nb4 13.Qb3 dxc4 14.Qxc4 c5 15.Be3 cxd4
16.Bxd4 Qc8 17.Qc3 Qxc3 18.Bxc3 Nd5 19.Bd4 Rfd8 20.Rac1 Rac8 21.e3 Rxc1
22.Rxc1 f6 23.Nf4 e5 24.Nxd5 Rxd5 25.Bc3 Kf7 26.Kf1 Ke6 27.Ke2 e4 28.Bd4 Kd7
29.f3 exf3+ 30.Kxf3 Bd6 31.g4 Ra5 32.a3 Rb5 33.Ke4 Ke6 34.Rc6 Kd7 35.Rc2 Rg5
36.h3 h5 37.Kf3 f5 38.gxf5 Rxf5+ 39.Ke4 Rg5 40.Rf2 Ke6 41.Rf3 Rg2 42.Rf5 g6
43.Rf6+ Ke7 44.Rf3 Ke6 45.Rf6+ Ke7 46.Rf3 g5 47.Rf5 g4 48.Rxh5 g3 49.Rg5 Rd2
50.Kf3 Rf2+ 51.Ke4 g2 52.Be5 Bxe5 53.Kxe5 Rxb2 54.h4 Kf7 55.h5 Rb5+ 56.Kf4
Rxg5 {#R} 0-1

[Event "E12"]
[Site "Cleanchess.com   INT"]
[Date "2018.03.13"]
[Round "1"]
[White "Akobian,V"]
[Black "Liang,Awonder"]
[Result "1-0"]
[WhiteElo "2640"]
[BlackElo "2570"]

1.d4 Nf6 2.c4 e6 3.Nf3 b6 4.a3 Ba6 5.e3 c5 6.Nc3 Be7 7.Bd3 cxd4 8.exd4 d5
9.cxd5 Bxd3 10.Qxd3 Nxd5 11.Qb5+ Qd7 12.Nxd5 exd5 13.Qxd7+ Nxd7 14.Bf4 Nf8
15.Kd2 Ne6 16.Bg3 f6 17.Rac1 Kd7 18.h4 h5 19.Kd3 Rac8 20.Nd2 Rxc1 21.Rxc1 Rc8
22.Rxc8 Kxc8 23.Nf1 Kd7 24.Ne3 Kc6 25.a4 g6 26.b3 Bf8 27.Nc2 a6 28.f3 Kd7
29.Ne3 Kc6 30.Nc2 Nd8 31.Be1 Kd7 32.Bb4 Bg7 33.Bd2 Nc6 34.Nb4 Nxb4+ 35.Bxb4
Ke6 36.Be1 Kf5 37.Bg3 Bf8 38.Bc7 b5 39.axb5 axb5 40.g3 Bb4 41.Ke2 Bc3 42.Kd3
Bb4 43.Ke2 g5 44.hxg5 fxg5 45.Be5 Be7 46.Ke3 Bf8 47.Ke2 Ba3 48.Ke3 Bb2 49.Ke2
Ke6 50.g4 h4 51.Kf2 Bc1 52.Kg2 Be3 53.Kh3 Bd2 54.Kg2 Kf7 55.Kh3 Kg6 56.Kg2 Bc3
57.Kh3 Bb4 58.Kg2 Be7 59.Kh3 Bf8 60.f4 gxf4 61.Bxf4 Be7 62.Be3 Bg5 63.Bxg5
Kxg5 64.b4 {#r} 1-0

[Event "E11"]
[Site "Cleanchess.com Saint Louis USA"]
[Date "2018.03.14"]
[Round "9.3"]
[White "Mikhalevski,V"]
[Black "Fier,A"]
[Result "1-0"]
[WhiteElo "2557"]
[BlackElo "2582"]

1.d4 Nf6 2.Nf3 e6 3.c4 d5 4.g3 Bb4+ 5.Bd2 Be7 6.Bg2 O-O 7.O-O c6 8.Qc2 Nbd7
9.Bf4 b6 10.Rd1 Ba6 11.Ne5 Rc8 12.cxd5 Nxd5 13.Nxc6 Nb4 14.Qa4 Nxc6 15.Qxa6
Nc5 16.Qc4 Na5 17.Qc3 Ncb3 18.axb3 Rxc3 19.bxc3 Qd7 20.Nd2 Rc8 21.b4 Nc4
22.Nxc4 Rxc4 23.d5 Rxc3 24.Bh3 f5 25.e4 Qe8 26.dxe6 fxe4 27.Rxa7 Rd3 28.Rxd3
exd3 29.Bg2 g5 30.Be3 g4 31.Bh6 Bxb4 32.Bd5 Bd6 33.Ra8 Bb8 34.e7+ Kh8 35.Bf7
d2 36.Bxd2 {#r} 1-0

[Event "E05"]
[Site "Cleanchess.com   INT"]
[Date "2018.03.13"]
[Round "1"]
[White "Izzat,Kanan"]
[Black "Brown,Michael William"]
[Result "1-0"]
[WhiteElo "2484"]
[BlackElo "2497"]

1.d4 Nf6 2.c4 e6 3.Nf3 d5 4.g3 Be7 5.Bg2 O-O 6.O-O dxc4 7.Qc2 b6 8.Qxc4 Bb7
9.Bf4 c5 10.dxc5 Bxc5 11.Nc3 Qe7 12.a3 Rc8 13.Qa4 Nbd7 14.Rac1 a6 15.b4 b5
16.Qd1 Ba7 17.Bd6 Qe8 18.a4 bxa4 19.Nxa4 Ne4 20.Rxc8 Rxc8 21.Ng5 Ndf6 22.Nxe4
Nxe4 23.Bxe4 Bxe4 24.Nc5 Ba8 25.Qd3 Qc6 26.e4 Rd8 27.Rd1 Bb8 28.Bxb8 Rxd3
29.Rxd3 h6 30.Rd6 Qb5 31.Rd8+ Kh7 32.Nd7 h5 33.Bf4 g5 34.Be5 Bxe4 35.f4 Qe2
36.Rh8+ Kg6 37.Rg8+ Kh7 38.Nf6+ {#r} 1-0

[Event "E04"]
[Site "Cleanchess.com Bushehr IRI"]
[Date "2018.03.17"]
[Round "10.5"]
[White "Firouzja,Alireza"]
[Black "Gholami Orimi,Mahdi"]
[Result "1-0"]
[WhiteElo "2558"]
[BlackElo "2299"]

1.d4 d5 2.c4 e6 3.Nf3 Nf6 4.g3 dxc4 5.Bg2 Bd7 6.Ne5 Bc6 7.Nxc6 Nxc6 8.O-O Qd7
9.e3 O-O-O 10.Nc3 Nd5 11.Bd2 h5 12.b3 cxb3 13.Nxd5 exd5 14.Qxb3 Ne7 15.Rab1 c6
16.Rfc1 Kb8 17.e4 dxe4 18.Bxe4 f5 19.Bg2 g6 20.d5 Rc8 21.Bf4+ Ka8 22.dxc6 Nxc6
23.Rd1 {#r} 1-0

[Event "E04"]
[Site "Cleanchess.com   INT"]
[Date "2018.03.13"]
[Round "1"]
[White "Izzat,Kanan"]
[Black "Sheng,Joshua"]
[Result "0-1"]
[WhiteElo "2484"]
[BlackElo "2408"]

1.d4 d5 2.c4 e6 3.Nf3 Nf6 4.g3 dxc4 5.Bg2 a6 6.O-O Nc6 7.e3 Bd7 8.Qe2 Bd6
9.Qxc4 O-O 10.Rd1 Qe7 11.Nc3 Rab8 12.e4 e5 13.Bg5 exd4 14.Nd5 Qxe4 15.Bxf6 Be6
16.Qc1 Qxd5 17.Ne5 Bxe5 18.Bxd5 Bxd5 19.Qg5 Bxf6 20.Qxd5 Rfd8 21.Qb3 Rd6
22.Rac1 g6 23.Rc5 b6 24.Rd5 Re6 25.Kg2 Rc8 26.Rd7 Nb8 27.Rd5 c6 28.R5xd4 Bxd4
29.Rxd4 c5 30.Rd2 h5 31.f4 c4 32.Qf3 Nc6 33.f5 Rf6 34.Qe4 Rxf5 35.Qxc4 b5
36.Qc3 Ne7 37.Qa3 Nd5 38.Re2 Ra8 39.Qd6 Nf6 40.Qc6 Ra7 41.Rd2 Kg7 42.Rd8 Re7
43.Rd2 Re6 44.Qc3 Kh7 45.Qb3 Ng4 46.Qd3 Ne3+ 47.Kh3 Ng4 48.Kg2 Re1 49.Qc3 Re8
50.Qb3 Ne3+ 51.Kh3 Nf1 52.Rc2 Ne3 53.Re2 Rf3 54.Qd3 Re6 55.Qb3 Kh6 56.Qd3 Kh7
57.Qc3 Re4 58.Qb3 Re6 59.Qd3 Kg7 60.Qc3+ Kh7 61.Qb3 g5 62.Qd3+ Kh6 63.Qc3 g4+
64.Kh4 Nf5# 0-1

[Event "E00"]
[Site "Cleanchess.com Budapest HUN"]
[Date "2018.03.13"]
[Round "9.5"]
[White "Globus,Or"]
[Black "Gonda,L"]
[Result "1-0"]
[WhiteElo "2389"]
[BlackElo "2515"]

1.d4 Nf6 2.c4 e6 3.g3 Bb4+ 4.Bd2 Be7 5.Bg2 d5 6.Nf3 O-O 7.O-O Nbd7 8.b4 c6
9.a4 Ne4 10.Be1 b6 11.a5 Ba6 12.Ne5 Qc7 13.axb6 axb6 14.Nxd7 Qxd7 15.Na3 f5
16.Rc1 Ra7 17.Qb3 Rfa8 18.Bc3 Bf6 19.Rfd1 dxc4 20.Nxc4 Qd5 21.Bb2 Bxc4 22.Qxc4
Ra2 23.Qc2 c5 24.f3 Ng5 25.h4 Bxd4+ 26.Rxd4 {#r} 1-0

[Event "D82"]
[Site "Cleanchess.com   INT"]
[Date "2018.03.13"]
[Round "1"]
[White "Barsegyan,H"]
[Black "Vachier Lagrave,M"]
[Result "0-1"]
[WhiteElo "2464"]
[BlackElo "2789"]

1.d4 Nf6 2.c4 g6 3.Nc3 d5 4.Bf4 Bg7 5.e3 c5 6.dxc5 Qa5 7.Rc1 Be6 8.Qa4+ Qxa4
9.Nxa4 Nc6 10.Nf3 O-O 11.Ne5 Rac8 12.Nxc6 Rxc6 13.Be5 dxc4 14.Be2 Nd7 15.Bxg7
Kxg7 16.O-O Nxc5 17.Nxc5 Rxc5 18.Rfd1 Rfc8 19.Kf1 Ra5 20.a3 c3 21.bxc3 Rxa3
22.c4 Ra5 23.Ra1 Rcc5 24.Ke1 b6 25.Kd2 Bxc4 26.Rxa5 bxa5 27.Bxc4 Rxc4 28.Ra1
Rc5 29.Kd3 Kf6 30.Ra2 Ke6 31.Kd4 Kd6 32.h4 e5+ 33.Kd3 h5 34.g3 Kc6 35.Ke4 f5+
36.Kd3 Kd5 37.Rb2 e4+ 38.Kd2 Kc6 39.Rb8 a4 40.Rb4 Ra5 41.Kc1 a3 42.Rb1 a2
43.Ra1 Kc5 44.Kb2 Kb4 45.Kc2 Ka3 46.Kc3 Rb5 {#R} 0-1

[Event "D80"]
[Site "Cleanchess.com Bushehr IRI"]
[Date "2018.03.13"]
[Round "6.5"]
[White "Lorparizangeneh,S"]
[Black "Darini,P"]
[Result "1-0"]
[WhiteElo "2506"]
[BlackElo "2497"]

1.d4 Nf6 2.c4 g6 3.Nc3 d5 4.Bg5 Bg7 5.Bxf6 Bxf6 6.cxd5 c5 7.Nf3 cxd4 8.Nxd4
Qb6 9.Nb3 O-O 10.Qd2 Rd8 11.Rd1 e6 12.e4 Nc6 13.Bc4 Qb4 14.Be2 a5 15.O-O a4
16.Nc1 Qa5 17.a3 Nd4 18.N1a2 Bd7 19.Qe3 e5 20.Bd3 Bg7 21.Nb4 f5 22.f4 fxe4
23.fxe5 Bxe5 24.Bxe4 Qa7 25.Kh1 Nf5 26.Qxa7 Rxa7 27.Bxf5 Bxf5 28.Rfe1 Bd6
29.Nb5 Bxb4 30.axb4 Ra6 31.Rd4 Bd7 32.Nc3 Rf6 33.Kg1 Rf7 34.b5 Ra8 35.Ra1 Raf8
36.Rdxa4 Rf2 37.Ra8 Rxb2 38.Rxf8+ Kxf8 39.Ra7 Ke7 40.Rxb7 Rb4 41.Kf2 Rc4
42.Nd1 Kd6 43.Ne3 Rf4+ 44.Ke2 Rf7 45.Nc4+ Kc5 46.Rc7+ Kd4 47.Ke1 Re7+ 48.Kf2
Kd3 49.Rxd7 {#r} 1-0

[Event "D78"]
[Site "Cleanchess.com   INT"]
[Date "2018.03.13"]
[Round "1"]
[White "Dreev,A"]
[Black "Izzat,Kanan"]
[Result "1-0"]
[WhiteElo "2653"]
[BlackElo "2484"]

1.d4 Nf6 2.Nf3 g6 3.g3 Bg7 4.Bg2 O-O 5.O-O d5 6.c4 c6 7.Qb3 dxc4 8.Qxc4 Be6
9.Qa4 Nbd7 10.Nc3 Nb6 11.Qc2 Bc4 12.Rd1 Nfd5 13.e4 Nxc3 14.bxc3 Qc8 15.a4 h6
16.Rb1 Ba6 17.Bf4 Qe6 18.Nd2 Rac8 19.a5 Nd7 20.Be3 g5 21.e5 c5 22.Qe4 cxd4
23.cxd4 Rfd8 24.h4 Rc3 25.Rbc1 Bd3 26.Qxb7 Rxc1 27.Rxc1 gxh4 28.Qc7 Rf8 29.Qc6
hxg3 30.Qxe6 gxf2+ 31.Bxf2 fxe6 32.Rc7 Nb8 33.Rxa7 h5 34.Rxe7 Bh6 35.Ne4 Nc6
36.Rxe6 {#r} 1-0

[Event "D73"]
[Site "Cleanchess.com   INT"]
[Date "2018.03.13"]
[Round "1"]
[White "Nyzhnyk,I"]
[Black "Chandra,Akshat"]
[Result "1-0"]
[WhiteElo "2601"]
[BlackElo "2490"]

1.d4 Nf6 2.Nf3 d5 3.g3 g6 4.Bg2 Bg7 5.c4 c6 6.cxd5 cxd5 7.Nc3 Ne4 8.Qa4+ Nc6
9.Ne5 Nxc3 10.bxc3 O-O 11.Nxc6 bxc6 12.Qxc6 Be6 13.Qa4 Qc7 14.Bd2 Rab8 15.O-O
Rb2 16.Rfd1 Rc8 17.Rab1 Qb6 18.Rxb2 Qxb2 19.Bf3 h5 20.Kg2 Kh7 21.h3 Bf5 22.Qb3
Qxb3 23.axb3 Bc2 24.Ra1 Bxb3 25.Rxa7 Bf6 26.g4 hxg4 27.hxg4 Re8 28.Rd7 Kg8
29.Bxd5 Bxd5+ 30.Rxd5 Ra8 31.Bg5 Bxg5 32.Rxg5 Ra2 33.Kf3 Rc2 34.Rc5 f6 35.Ke3
Kf7 36.Kd3 Rc1 37.f3 Ke6 38.Ra5 g5 39.Ra2 Kd6 40.c4 Rd1+ 41.Ke4 Rc1 42.c5+ Kd7
43.Ra7+ Ke8 44.Kd5 {#r} 1-0